Ubere EU vítr z plachet tranzitivních zemí? Ekonomická analýza EHK

Analýza európskeho hospodárstva vypracovaná Európskou hospodárskou komisiou OSN (EHK). Celkové hodnotenie - spomalenie hospodárskeho rastu na Západe, rýchly rast vo východnej Európe a pokračovanie recesie v Rusku. Zahraničný obchod, vývoz, európsky trh, nezamestnanosť. Prognózy EHK na rok 1996 pre t...

Ausführliche Beschreibung

Gespeichert in:
Bibliographische Detailangaben
1. Verfasser: Dostálová, Ivana
Format: Buchkapitel
Sprache:Tschechisch
Schlagworte:
Tags: Tag hinzufügen
Keine Tags, Fügen Sie das erste Tag hinzu!

MARC

LEADER 00000naa a2200000 4500
001 r021123
005 20230920092029.1
041 0 |a cze 
044 |a CZ 
245 1 0 |a Ubere EU vítr z plachet tranzitivních zemí?  |b Ekonomická analýza EHK  |c Ivana Dostálová 
520 |a Analýza európskeho hospodárstva vypracovaná Európskou hospodárskou komisiou OSN (EHK). Celkové hodnotenie - spomalenie hospodárskeho rastu na Západe, rýchly rast vo východnej Európe a pokračovanie recesie v Rusku. Zahraničný obchod, vývoz, európsky trh, nezamestnanosť. Prognózy EHK na rok 1996 pre tranzitívne ekonomiky. 
610 2 0 |a vývoj hospodársky 
610 2 0 |a rast hospodársky 
610 2 0 |a analýza ekonomická 
610 2 0 |a EHK OSN 
610 2 0 |a recesia 
610 2 0 |a obchod zahraničný 
610 2 0 |a nezamestnanosť 
610 2 0 |a západná Európa 
610 2 0 |a východná Európa 
610 2 0 |a stredná Európa 
610 2 0 |a Rusko 
100 1 |a Dostálová, Ivana